<?xml version="1.0" encoding="UTF-8"?><?xml-stylesheet type="text/xsl" href="static/style.xsl"?><OAI-PMH xmlns="http://www.openarchives.org/OAI/2.0/" xmlns:xsi="http://www.w3.org/2001/XMLSchema-instance" xsi:schemaLocation="http://www.openarchives.org/OAI/2.0/ http://www.openarchives.org/OAI/2.0/OAI-PMH.xsd"><responseDate>2026-04-27T19:56:36Z</responseDate><request verb="GetRecord" identifier="oai:uvadoc.uva.es:10324/46673" metadataPrefix="marc">https://uvadoc.uva.es/oai/request</request><GetRecord><record><header><identifier>oai:uvadoc.uva.es:10324/46673</identifier><datestamp>2021-06-22T08:18:38Z</datestamp><setSpec>com_10324_38</setSpec><setSpec>col_10324_785</setSpec></header><metadata><record xmlns="http://www.loc.gov/MARC21/slim" xmlns:doc="http://www.lyncode.com/xoai" xmlns:xsi="http://www.w3.org/2001/XMLSchema-instance" xmlns:dcterms="http://purl.org/dc/terms/" xsi:schemaLocation="http://www.loc.gov/MARC21/slim http://www.loc.gov/standards/marcxml/schema/MARC21slim.xsd">
<leader>00925njm 22002777a 4500</leader>
<datafield tag="042" ind1=" " ind2=" ">
<subfield code="a">dc</subfield>
</datafield>
<datafield tag="720" ind1=" " ind2=" ">
<subfield code="a">Garmón Simón, Miguel Ángel</subfield>
<subfield code="e">author</subfield>
</datafield>
<datafield tag="260" ind1=" " ind2=" ">
<subfield code="c">2021</subfield>
</datafield>
<datafield tag="520" ind1=" " ind2=" ">
<subfield code="a">El proyecto nace con la intención de respetar la naturaleza salvaje que presenta el lugar, aprovechando un vacío de esta para su implantación, generando&#xd;
tres volúmenes que van a dar respuesta tanto al programa como a las distintas situaciones que se dan tanto fuera como dentro del lugar&#xd;
El proyecto pretende adoptar un carácter de unión entre la zona de la ciudad y la de la ribera, recuperando y revitalizando un área descuidada para el uso&#xd;
y disfrute de la gente.&#xd;
La propuesta se basa en la creación de tres volúmenes, que den respuesta al programa pedido, para conseguir una organización y funcionamiento lo más&#xd;
sensato posible, manteniendo un cierto orden en esa transición de la ciudad al río y viceversa, mediante una serie de filtros.&#xd;
1-Talleres (trabajo)&#xd;
2-Exposiciones (recorrido)&#xd;
3-Cafetería (mirador-estancia)</subfield>
</datafield>
<datafield tag="024" ind2=" " ind1="8">
<subfield code="a">https://uvadoc.uva.es/handle/10324/46673</subfield>
</datafield>
<datafield ind1=" " ind2=" " tag="653">
<subfield code="a">Investigación, Centros de - Diseño y construcción</subfield>
</datafield>
<datafield tag="245" ind1="0" ind2="0">
<subfield code="a">Centro de restauración de bienes muebles ﻿</subfield>
</datafield>
</record></metadata></record></GetRecord></OAI-PMH>